00477nam a2200193Ia 4500003000400000005001700004008004100021020001500062040000700077041000800084082001900092100002100111245005300132260004300185300001500228365001300243650001200256650001500268OSt20230401120602.0210423s2004 xx 000 0 und d a8122901662 cAL aeng a070.1 SILT223 aSILVIA (Tony),Ed aGlobal news: perspectives on the information age aNew DelhibSurjeeth Publicationsc2004 axx,199bPB b195cINR aGeneral aMass Media